Endeudamiento empresarial y fusin̤ de sociedades Contribucin̤ al estudio de la fusin̤ apalancada /

Detalles Bibliográficos
Autor principal: Gimeno Ribes, Miguel
Formato: eBook
Lenguaje:español
Publicado: Madrid: Marcial Pons, 2015
Materias:
Acceso en línea:Acceso restringido

MARC

LEADER 00000nam a22000007a 4500
005 20180330215729.0
007 cr|||| ||||
008 180330s2015 es |||||s|||| 00||0 spa d
020 |a 978-84-91233-45-9 
035 |a 21037 
040 |a vLex 
090 |c 7593  |d 7593 
100 1 |a Gimeno Ribes, Miguel 
245 1 0 |a Endeudamiento empresarial y fusin̤ de sociedades  |h [Recurso electrn̤ico] :  |b Contribucin̤ al estudio de la fusin̤ apalancada /  |c Miguel Gimeno Ribes 
256 |a Servicio en ln̕ea 
260 |a Madrid:  |b Marcial Pons,  |c 2015 
300 |a 1 recurso electrn̤ico 
500 |a Entre las operaciones de concentracin̤ empresarial, reviste particular interš la llamada ±fusin̤ apalancada» (merger leveraged buy-out), singular figura de modificacin̤ societaria por la que una compaą̕ recurre a un elevado endeudamiento con la finalidad de tomar el control de otra. De especial interš por sus implicaciones econm̤icas y financieras, haba̕ sido histr̤icamente objeto de regulacin̤ en diversos ordenamientos desde los primeros aǫs del pasado siglo. Su frecuente utilizacin̤ en la prc̀tica empresarial y el especf̕ico rǧimen jurd̕ico que sobre dicha modalidad se contiene, dentro del Derecho espaǫl, en el art. 35 de la Ley 3/2009, de Modificaciones Estructurales de las Sociedades Mercantiles, han sido causa de su renovada actualidad. En el presente volumen, el autor delimita los intereses en juego alrededor de la fusin̤ apalancada, destacando tanto sus efectos positivos, como las medidas de tutela destinadas a aquellos sujetos –esencialmente, los socios minoritarios y los acreedores–, afectados por su realizacin̤. Sirve de base a la obra un completo estudio comparativo de la figura en los principales ordenamientos jurd̕icos de Europa y Amřica, de acuerdo con el curso particular de su evolucin̤ histr̤ica. Destaca, en tal sentido, el estudio del Derecho italiano, no solo por su importancia objetiva, sino, sobre todo, por haber servido de inspiracin̤ al art. 35 de la Ley 3/2009, cuyo anl̀isis detallado, en conexin̤ permanente con otras instituciones societarias relevantes, como la prohibicin̤ de asistencia financiera, el gobierno corporativo o las modificaciones estructurales, centra buena parte de la tarea del autor. 
506 1 |a Disponible solo en los productos indicados  |d vLex Global  |d vLex Global (Academic Edition, excluding Law Schools)  |d vLex Global (U.S. Academic Edition, Law Schools)  |d vLex Global (U.S. Academic Edition, excluding Law Schools)  |d vLex Global (Academic Edition, Law Schools) 
650 0 4 |a Derecho Mercantil y de la Empresa  |z Espaą 
740 0 |a vLex Libros (Servicio en ln̕ea) 
856 4 0 |u http://vlex.com/source/endeudamiento-empresarial-y-fusion-de-sociedades-contribucion-al-estudio-de-la-fusion-apalancada-21037  |z Acceso restringido 
942 |c BOOK 
999 0 |a Commercial and Company Law